Welcome to CU Library Online Public Access Catalogue (OPAC)

The Christian home in Victorian America, 1840-1900 / (Record no. 9391)

MARC details
000 -LEADER
fixed length control field 00704cam a2200217 a 4500
001 - CONTROL NUMBER
control field 2861552
005 - DATE AND TIME OF LATEST TRANSACTION
control field 20260422103637.0
008 - FIXED-LENGTH DATA ELEMENTS--GENERAL INFORMATION
fixed length control field 850820s1986 inua b s001 0 eng
020 ## - INTERNATIONAL STANDARD BOOK NUMBER
International Standard Book Number 0253313767
020 ## - INTERNATIONAL STANDARD BOOK NUMBER
International Standard Book Number 9780253313768
050 00 - LIBRARY OF CONGRESS CALL NUMBER
Classification number BV4526.2
Item number .M37 1986
082 00 - DEWEY DECIMAL CLASSIFICATION NUMBER
Classification number 291.1/783585/0973
Edition information 19
100 1# - MAIN ENTRY--PERSONAL NAME
Personal name McDannell, Colleen.
245 14 - TITLE STATEMENT
Title The Christian home in Victorian America, 1840-1900 /
Statement of responsibility, etc. Colleen McDannell.
260 ## - PUBLICATION, DISTRIBUTION, ETC.
Place of publication, distribution, etc. Bloomington :
Name of publisher, distributor, etc. Indiana University Press,
Date of publication, distribution, etc. c1986.
300 ## - PHYSICAL DESCRIPTION
Extent xvii, 193 p. :
Other physical details ill. ;
Dimensions 24 cm.
440 #0 - SERIES STATEMENT/ADDED ENTRY--TITLE
Title Religion in North America
500 ## - GENERAL NOTE
General note Includes index.
650 #0 - SUBJECT ADDED ENTRY--TOPICAL TERM
Topical term or geographic name entry element Families
General subdivision Religious life
Geographic subdivision United States
General subdivision History
Chronological subdivision 19th century.
942 ## - ADDED ENTRY ELEMENTS (KOHA)
Source of classification or shelving scheme Library of Congress Classification
Koha item type Books
Suppress in OPAC No
999 ## -
-- 9391
-- 9391
Holdings
Withdrawn status Lost status Source of classification or shelving scheme Damaged status Not for loan Collection Home library Current library Shelving location Date acquired Total checkouts Full call number Barcode Date last seen Price effective from Koha item type
    Library of Congress Classification     Non-fiction Main Library (Kumasi) Main Library (Kumasi) General stacks 04/21/2026   BV4526.2.M37 MCD bssk00000123 04/22/2026 04/21/2026 Books
© 2023-2024 Copyright: Central University Libraries. All Rights Reserved | Created by: Mahone Tech Office